[Event "Titled Tuesday 2024.07.30 Early"]
[Site "chess.com INT"]
[Date "2024.07.30"]
[Round "2"]
[White "Madaminov, Mukhiddin"]
[Black "Keleberda, Tymur"]
[Result "1-0"]
[WhiteElo "2512"]
[BlackElo "2222"]
[WhiteFideId "-1"]
[BlackFideId "-1"]
[PlyCount "79"]
[GameId "2130307540725786"]
[EventDate "2024.07.30"]
[EventType "swiss (blitz)"]
[EventRounds "11"]
[EventCountry "NET"]
[SourceTitle "The Week in Chess 1552"]
[Source "Mark Crowther"]
[SourceDate "2024.08.05"]
[SourceVersion "1"]
[SourceVersionDate "2024.08.05"]
[SourceQuality "2"]

1. e4 e6 2. d4 d5 3. exd5 exd5 4. Nf3 Bd6 5. Bd3 Ne7 6. c4 c6 7. c5 Bc7 8. O-O h6 9. Re1 O-O 10. h3 Re8 11. Nc3 b6 12. Qc2 bxc5 13. dxc5 Nd7 14. Be3 Nf8 15. b4 a6 16. Nd4 Bd7 17. a4 Neg6 18. b5 axb5 19. axb5 cxb5 20. c6 Rxa1 21. Rxa1 Bc8 22. Ncxb5 Be5 23. Ra8 Nf4 24. Bxf4 Bxf4 25. g3 Qg5 26. h4 Qg4 27. Be2 Qh3 28. gxf4 Ng6 29. Qc3 Qxh4 30. Qg3 Qe7 31. f5 Nh4 32. Nd6 Rd8 33. Rxc8 Rxc8 34. Nxc8 Qf6 35. c7 Qxd4 36. Ne7+ Kf8 37. c8=Q+ Kxe7 38. Qcc7+ Kf6 39. Qcd6+ Kxf5 40. Bd3+ 1-0

[Event "Titled Tuesday 2024.07.30 Early"]
[Site "chess.com INT"]
[Date "2024.07.30"]
[Round "4"]
[White "Keleberda, Tymur"]
[Black "Myagmarsuren, Evsuld"]
[Result "1-0"]
[WhiteElo "2222"]
[BlackElo "2064"]
[WhiteFideId "-1"]
[BlackFideId "-1"]
[PlyCount "71"]
[GameId "2130307540730064"]
[EventDate "2024.07.30"]
[EventType "swiss (blitz)"]
[EventRounds "11"]
[EventCountry "NET"]
[SourceTitle "The Week in Chess 1552"]
[Source "Mark Crowther"]
[SourceDate "2024.08.05"]
[SourceVersion "1"]
[SourceVersionDate "2024.08.05"]
[SourceQuality "2"]

1. e4 c5 2. Nf3 d6 3. d4 cxd4 4. Nxd4 Nf6 5. Nc3 a6 6. h3 e6 7. g4 Nfd7 8. Bg2 Nc6 9. Nde2 Be7 10. O-O b5 11. a3 Bb7 12. Be3 Rc8 13. f4 Na5 14. b3 Bf6 15. Qd2 Qc7 16. Bd4 Bxd4+ 17. Qxd4 Qb6 18. Rad1 Ke7 19. Kh2 Qxd4 20. Rxd4 Nc6 21. Rd2 h5 22. gxh5 Rxh5 23. Rfd1 Nf6 24. Rxd6 b4 25. axb4 Nxb4 26. e5 Nfd5 27. Nxd5+ Bxd5 28. Bxd5 Nxd5 29. c4 Ne3 30. R1d3 Nf5 31. Rxa6 Rc7 32. Ng3 Nxg3 33. Kxg3 g5 34. Kg4 Rh4+ 35. Kxg5 Rh8 36. Kg4 1-0

[Event "Titled Tuesday 2024.07.30 Early"]
[Site "chess.com INT"]
[Date "2024.07.30"]
[Round "7"]
[White "Keleberda, Tymur"]
[Black "Ugorek, Kacper"]
[Result "1-0"]
[WhiteElo "2222"]
[BlackElo "2250"]
[WhiteFideId "-1"]
[BlackFideId "-1"]
[PlyCount "69"]
[GameId "2130307540742612"]
[EventDate "2024.07.30"]
[EventType "swiss (blitz)"]
[EventRounds "11"]
[EventCountry "NET"]
[SourceTitle "The Week in Chess 1552"]
[Source "Mark Crowther"]
[SourceDate "2024.08.05"]
[SourceVersion "1"]
[SourceVersionDate "2024.08.05"]
[SourceQuality "2"]

1. e4 Nf6 2. e5 Nd5 3. c4 Nb6 4. d4 d6 5. exd6 exd6 6. h3 Be7 7. Bd3 O-O 8. Ne2 Bf6 9. O-O Nc6 10. b3 Re8 11. Nbc3 a5 12. Be3 a4 13. d5 Nb4 14. Bxb6 cxb6 15. bxa4 Nxd3 16. Qxd3 Bd7 17. Rab1 Bxa4 18. Nd4 Bd7 19. Rb2 Qc7 20. Rfb1 Rec8 21. Rb4 Qc5 22. Nde2 g6 23. Ne4 Bf5 24. Nxf6+ Kg7 25. Qc3 Kh6 26. Ng4+ Bxg4 27. hxg4 Rxa2 28. Qf3 Re8 29. Ng3 b5 30. g5+ Kg7 31. Qf6+ Kg8 32. Rxb5 Qxc4 33. Rxb7 Rc2 34. Qxf7+ Kh8 35. Qxh7# 1-0

[Event "Titled Tuesday 2024.07.30 Early"]
[Site "chess.com INT"]
[Date "2024.07.30"]
[Round "10"]
[White "Santos, Rafael Ventura Dos"]
[Black "Keleberda, Tymur"]
[Result "0-1"]
[WhiteElo "2145"]
[BlackElo "2222"]
[WhiteFideId "-1"]
[BlackFideId "-1"]
[PlyCount "68"]
[GameId "2130307540755122"]
[EventDate "2024.07.30"]
[EventType "swiss (blitz)"]
[EventRounds "11"]
[EventCountry "NET"]
[SourceTitle "The Week in Chess 1552"]
[Source "Mark Crowther"]
[SourceDate "2024.08.05"]
[SourceVersion "1"]
[SourceVersionDate "2024.08.05"]
[SourceQuality "2"]

1. e4 c6 2. d4 d5 3. e5 c5 4. dxc5 e6 5. a3 Nd7 6. Nf3 Nxc5 7. b4 Ne4 8. Bd3 Bd7 9. O-O Rc8 10. Bb2 a5 11. Qe1 Qb6 12. Bxe4 dxe4 13. Qxe4 axb4 14. Nd4 Ne7 15. Nd2 Nd5 16. N2b3 Be7 17. a4 O-O 18. a5 Qa6 19. f4 Rc4 20. f5 Bg5 21. fxe6 Bxe6 22. Nxe6 Rxe4 23. Nxf8 Kxf8 24. e6 Qxe6 25. Kh1 Ne3 26. Rg1 Qc6 27. Nd4 Qd5 28. a6 bxa6 29. Rxa6 Rxd4 30. Bxd4 Qxd4 31. Rc6 g6 32. h3 Qe4 33. Rc7 Bh4 34. Ra7 Bf2 0-1

[Event "Titled Tuesday 2024.07.30 Late"]
[Site "Chess.com INT"]
[Date "2024.07.30"]
[Round "3"]
[White "Keleberda, Tymur"]
[Black "Esmeraldas Huachi, Anderson Yahir"]
[Result "1-0"]
[WhiteElo "2222"]
[BlackElo "2100"]
[WhiteFideId "-1"]
[BlackFideId "-1"]
[PlyCount "123"]
[GameId "2075361436422144"]
[EventDate "2024.07.30"]
[EventType "swiss (blitz)"]
[EventRounds "11"]
[EventCountry "NET"]
[SourceTitle "EXT 2025"]
[Source "ChessBase"]
[SourceDate "2024.10.14"]
[SourceVersion "1"]
[SourceVersionDate "2024.10.14"]
[SourceQuality "1"]

1. e4 c5 2. Nf3 d6 3. d4 cxd4 4. Nxd4 Nf6 5. Nc3 a6 6. h3 e6 7. Nb3 Be7 8. Be3 O-O 9. g4 d5 10. exd5 Nxd5 11. Nxd5 exd5 12. Bg2 Be6 13. Qd2 Nc6 14. O-O-O Rc8 15. Kb1 Qd7 16. Bxd5 Bxd5 17. Qxd5 Qxd5 18. Rxd5 Nb4 19. Rd2 g6 20. c3 Nc6 21. Rd7 Rfe8 22. Rxb7 Ne5 23. Rd1 Nc4 24. Rdd7 Bf8 25. Rxf7 Nd6 26. Rxh7 Nxb7 27. Rxb7 Rb8 28. Ra7 Ra8 29. Rc7 Rac8 30. Ra7 Ra8 31. Rxa8 Rxa8 32. Kc2 Kf7 33. h4 Be7 34. h5 gxh5 35. gxh5 Rh8 36. h6 Kg6 37. a4 Bg5 38. Nc5 Rxh6 39. Nxa6 Bxe3 40. fxe3 Kf5 41. Nc5 Ke5 42. b4 Rh3 43. e4 Rh1 44. a5 Kd6 45. Kb3 Kc6 46. Kc4 Rb1 47. e5 Kc7 48. e6 Kc6 49. a6 Kb6 50. Kd5 Rd1+ 51. Ke5 Re1+ 52. Ne4 Kc7 53. b5 Rh1 54. c4 Rh5+ 55. Kd4 Rh6 56. Nc5 Rh4+ 57. Kc3 Kd6 58. Nd7 Rh1 59. b6 Ra1 60. b7 Kc7 61. b8=Q+ Kc6 62. Qb6# 1-0

[Event "Titled Tuesday 2024.07.30 Late"]
[Site "chess.com INT"]
[Date "2024.07.30"]
[Round "1"]
[White "Keleberda, Tymur"]
[Black "Copeland, Samuel"]
[Result "1-0"]
[WhiteElo "2222"]
[BlackElo "2145"]
[WhiteFideId "-1"]
[BlackFideId "-1"]
[PlyCount "51"]
[GameId "2130307540692190"]
[EventDate "2024.07.30"]
[EventType "swiss (blitz)"]
[EventRounds "11"]
[EventCountry "NET"]
[SourceTitle "The Week in Chess 1552"]
[Source "Mark Crowther"]
[SourceDate "2024.08.05"]
[SourceVersion "1"]
[SourceVersionDate "2024.08.05"]
[SourceQuality "2"]

1. e4 Nf6 2. e5 Nd5 3. c4 Nb6 4. d4 d6 5. exd6 exd6 6. h3 Be7 7. Bd3 O-O 8. Ne2 Re8 9. O-O Bf6 10. Nbc3 Nc6 11. b3 d5 12. c5 Nd7 13. Nxd5 Nxc5 14. Nxf6+ Qxf6 15. Bxh7+ Kxh7 16. dxc5 Qxa1 17. Qc2+ Kg8 18. Bb2 Qxa2 19. Ra1 Rxe2 20. Qxe2 Qxb3 21. Ra3 Qxa3 22. Qe8+ Kh7 23. Bxa3 f6 24. Bb2 Ne5 25. Qe7 Bf5 26. f4 1-0

[Event "Titled Tuesday 2024.07.30 Late"]
[Site "chess.com INT"]
[Date "2024.07.30"]
[Round "2"]
[White "Bortnyk, Olexandr"]
[Black "Keleberda, Tymur"]
[Result "1-0"]
[WhiteElo "2608"]
[BlackElo "2222"]
[WhiteFideId "-1"]
[BlackFideId "-1"]
[PlyCount "103"]
[GameId "2130307540696338"]
[EventDate "2024.07.30"]
[EventType "swiss (blitz)"]
[EventRounds "11"]
[EventCountry "NET"]
[SourceTitle "The Week in Chess 1552"]
[Source "Mark Crowther"]
[SourceDate "2024.08.05"]
[SourceVersion "1"]
[SourceVersionDate "2024.08.05"]
[SourceQuality "2"]

1. d4 Nf6 2. Nc3 d5 3. Bf4 c6 4. e3 e6 5. Nf3 Bd6 6. Ne5 Qe7 7. Qf3 a6 8. Be2 c5 9. Qg3 cxd4 10. exd4 Nc6 11. Nxc6 Bxf4 12. Nxe7 Bxg3 13. Nexd5 Bxf2+ 14. Kxf2 exd5 15. Bf3 Be6 16. Rhe1 Kd7 17. Re5 Kd6 18. a4 b6 19. Rae1 Rhc8 20. h3 h6 21. g4 Ra7 22. Kg3 Rc4 23. Rd1 Rac7 24. Re3 Ra7 25. h4 Nd7 26. g5 hxg5 27. hxg5 g6 28. Be2 Rc8 29. Rh1 Bf5 30. Bf3 Be6 31. Rh7 Rb7 32. Be2 Ra7 33. Bd3 Nb8 34. Bxg6 Nc6 35. Bd3 Nxd4 36. g6 Bf5 37. Rxf7 Rxf7 38. gxf7 Rf8 39. Re8 Rxf7 40. Rd8+ Bd7 41. Rb8 Kc7 42. Ra8 a5 43. Nxd5+ Kc6 44. Nc3 Rf3+ 45. Kg2 Rf6 46. Ra7 Be6 47. Bb5+ Nxb5 48. axb5+ Kc5 49. Ne4+ Kxb5 50. Nxf6 Bf5 51. c3 Kc4 52. Kf2 1-0

[Event "Titled Tuesday 2024.07.30 Late"]
[Site "chess.com INT"]
[Date "2024.07.30"]
[Round "4"]
[White "Bernat, David"]
[Black "Keleberda, Tymur"]
[Result "0-1"]
[WhiteElo "1917"]
[BlackElo "2222"]
[WhiteFideId "-1"]
[BlackFideId "-1"]
[PlyCount "114"]
[GameId "2130307540704687"]
[EventDate "2024.07.30"]
[EventType "swiss (blitz)"]
[EventRounds "11"]
[EventCountry "NET"]
[SourceTitle "The Week in Chess 1552"]
[Source "Mark Crowther"]
[SourceDate "2024.08.05"]
[SourceVersion "1"]
[SourceVersionDate "2024.08.05"]
[SourceQuality "2"]

1. c4 Nf6 2. Nc3 c5 3. g3 d5 4. Bg2 d4 5. Nd5 Nbd7 6. Nxf6+ Nxf6 7. f4 e6 8. Nf3 Bd6 9. O-O O-O 10. d3 Rb8 11. h3 a6 12. a4 b6 13. e4 dxe3 14. Bxe3 b5 15. cxb5 axb5 16. a5 Ba6 17. d4 c4 18. Ne5 Qc7 19. g4 Bb7 20. Bxb7 Qxb7 21. a6 Qe4 22. Qf3 Qxf3 23. Rxf3 Ra8 24. Bd2 Rfc8 25. Bc3 Nd5 26. Be1 f6 27. Nd7 Rc6 28. a7 Rc7 29. Nc5 Bxc5 30. dxc5 Rcxa7 31. Rxa7 Rxa7 32. b3 Ra1 33. Kf2 Ra2+ 34. Kf1 Ra3 35. Ke2 Rxb3 36. Rxb3 cxb3 37. Kd3 Kf7 38. f5 exf5 39. gxf5 Ne7 40. Kc3 Nxf5 41. Kxb3 Nd4+ 42. Kb2 Ke6 43. Bf2 Nc6 44. Kb3 Kd5 45. Kc3 f5 46. Kd3 f4 47. Kc3 g5 48. h4 g4 49. Kd3 g3 50. Bg1 Ne5+ 51. Ke2 Ke4 52. Kf1 f3 53. c6 Nxc6 54. Bc5 Ne5 55. h5 Ng4 56. Bb6 Ne3+ 57. Kg1 f2+ 0-1

[Event "Titled Tuesday 2024.07.30 Late"]
[Site "chess.com INT"]
[Date "2024.07.30"]
[Round "5"]
[White "Riehle, Marco"]
[Black "Keleberda, Tymur"]
[Result "0-1"]
[WhiteElo "2380"]
[BlackElo "2222"]
[WhiteFideId "-1"]
[BlackFideId "-1"]
[PlyCount "118"]
[GameId "2130307540708896"]
[EventDate "2024.07.30"]
[EventType "swiss (blitz)"]
[EventRounds "11"]
[EventCountry "NET"]
[SourceTitle "The Week in Chess 1552"]
[Source "Mark Crowther"]
[SourceDate "2024.08.05"]
[SourceVersion "1"]
[SourceVersionDate "2024.08.05"]
[SourceQuality "2"]

1. e4 e6 2. c4 d6 3. d4 Ne7 4. Nc3 h6 5. f4 g6 6. Nf3 Bg7 7. Bd3 Nd7 8. O-O Kf8 9. e5 Kg8 10. g4 b6 11. f5 dxe5 12. fxe6 fxe6 13. dxe5 Bb7 14. Bf4 h5 15. gxh5 Rxh5 16. Be4 Nc5 17. Bxb7 Nxb7 18. Ne4 Nc6 19. Qxd8+ Rxd8 20. Nf6+ Bxf6 21. exf6 e5 22. Bg3 Nd6 23. Rae1 Re8 24. Nd2 Kf7 25. c5 bxc5 26. Nb3 c4 27. Nc5 Rf5 28. Nd7 e4 29. Kg2 Rd8 30. Rxf5 gxf5 31. Nc5 Rg8 32. Kf2 Kxf6 33. Rc1 Ne5 34. Bxe5+ Kxe5 35. Nd7+ Ke6 36. Nc5+ Kd5 37. Na4 Rh8 38. Rd1+ Ke5 39. Kg2 f4 40. Nc5 f3+ 41. Kg1 Rg8+ 42. Kf1 Rg2 43. Nd7+ Kf4 44. Nf6 Rxh2 45. Nd5+ Kg3 46. Ke1 Rh1+ 47. Kd2 Rxd1+ 48. Kxd1 Nf5 49. Ke1 e3 50. Nc3 Kg2 51. Kd1 f2 52. Kc2 f1=Q 53. b4 Qd3+ 54. Kb2 Qd2+ 55. Ka3 Qxc3+ 56. Ka4 Nd6 57. b5 Qb2 58. b6 cxb6 59. a3 Qb3# 0-1

[Event "Titled Tuesday 2024.07.30 Late"]
[Site "chess.com INT"]
[Date "2024.07.30"]
[Round "6"]
[White "Keleberda, Tymur"]
[Black "Chen, Ryo"]
[Result "0-1"]
[WhiteElo "2222"]
[BlackElo "2399"]
[WhiteFideId "-1"]
[BlackFideId "-1"]
[PlyCount "90"]
[GameId "2130307540713045"]
[EventDate "2024.07.30"]
[EventType "swiss (blitz)"]
[EventRounds "11"]
[EventCountry "NET"]
[SourceTitle "The Week in Chess 1552"]
[Source "Mark Crowther"]
[SourceDate "2024.08.05"]
[SourceVersion "1"]
[SourceVersionDate "2024.08.05"]
[SourceQuality "2"]

1. e4 c5 2. Be2 Nc6 3. d3 d5 4. f4 g6 5. Nf3 Bg7 6. O-O Nf6 7. Nbd2 O-O 8. Kh1 Ng4 9. Nb1 dxe4 10. dxe4 Qxd1 11. Bxd1 Rd8 12. Be2 Nb4 13. Na3 Nf6 14. e5 Ne4 15. Be3 Nd5 16. Bc1 Bh6 17. Bd3 f5 18. exf6 Nexf6 19. Ng5 Bf5 20. Bxf5 gxf5 21. c4 Nb4 22. Be3 b6 23. g3 Rd3 24. Rfe1 Bxg5 25. fxg5 Ne4 26. Rad1 Rxe3 27. Rxe3 Nf2+ 28. Kg2 Nxd1 29. Re2 Rd8 30. Nb5 a6 31. Nc7 Rd7 32. Nd5 Nxd5 33. cxd5 Rxd5 34. Kf3 Rd3+ 35. Kf4 Kf7 36. h4 e6 37. h5 Rd4+ 38. Kf3 Re4 39. Rd2 Rd4 40. Re2 Rd6 41. Rh2 c4 42. g4 Rd3+ 43. Ke2 fxg4 44. Rg2 g3 45. Rg1 Nxb2 0-1

[Event "Titled Tuesday 2024.07.30 Late"]
[Site "chess.com INT"]
[Date "2024.07.30"]
[Round "7"]
[White "Keleberda, Tymur"]
[Black "Rustamov, Rustam"]
[Result "0-1"]
[WhiteElo "2222"]
[BlackElo "2285"]
[WhiteFideId "-1"]
[BlackFideId "-1"]
[PlyCount "98"]
[GameId "2130307540713104"]
[EventDate "2024.07.30"]
[EventType "swiss (blitz)"]
[EventRounds "11"]
[EventCountry "NET"]
[SourceTitle "The Week in Chess 1552"]
[Source "Mark Crowther"]
[SourceDate "2024.08.05"]
[SourceVersion "1"]
[SourceVersionDate "2024.08.05"]
[SourceQuality "2"]

1. d4 Nf6 2. Nf3 g6 3. c4 Bg7 4. Nc3 O-O 5. g3 d6 6. Bg2 Nbd7 7. O-O c6 8. e4 e5 9. Be3 Qe7 10. Re1 a6 11. Rc1 b6 12. Na4 c5 13. dxe5 dxe5 14. Nc3 Bb7 15. Nd2 Rfd8 16. Nd5 Nxd5 17. exd5 Qf8 18. Nf3 h6 19. Qd2 Re8 20. Qc2 f5 21. Rcd1 Qf6 22. Bd2 e4 23. Bc3 Qf7 24. Nd2 Ne5 25. Bxe5 Bxe5 26. Kh1 b5 27. f3 exf3 28. Bxf3 Bd6 29. Nb3 Rxe1+ 30. Rxe1 Re8 31. Rxe8+ Qxe8 32. Na5 Qe1+ 33. Kg2 Qxa5 34. Qe2 Qc7 35. Qe6+ Kg7 36. Be2 Qe7 37. Qxe7+ Bxe7 38. b3 b4 39. Kf3 Kf6 40. Ke3 Bd6 41. Bf3 g5 42. Bh5 f4+ 43. gxf4 Bxf4+ 44. Ke4 Bc8 45. Be8 Bf5+ 46. Kf3 Ke5 47. Kg2 a5 48. h3 Bb1 49. d6 Kxd6 0-1

[Event "Titled Tuesday 2024.07.30 Late"]
[Site "chess.com INT"]
[Date "2024.07.30"]
[Round "8"]
[White "Toktomushev, Teimur"]
[Black "Keleberda, Tymur"]
[Result "1-0"]
[WhiteElo "2300"]
[BlackElo "2222"]
[WhiteFideId "-1"]
[BlackFideId "-1"]
[PlyCount "83"]
[GameId "2130307540717279"]
[EventDate "2024.07.30"]
[EventType "swiss (blitz)"]
[EventRounds "11"]
[EventCountry "NET"]
[SourceTitle "The Week in Chess 1552"]
[Source "Mark Crowther"]
[SourceDate "2024.08.05"]
[SourceVersion "1"]
[SourceVersionDate "2024.08.05"]
[SourceQuality "2"]

1. d4 Nf6 2. c4 e6 3. Nf3 b6 4. g3 Bb7 5. Bg2 Be7 6. O-O O-O 7. Nc3 Ne4 8. Bd2 Nxc3 9. Bxc3 c5 10. d5 d6 11. Qc2 Bf6 12. dxe6 Nc6 13. exf7+ Rxf7 14. e3 Qe7 15. Nd2 Ne5 16. Ne4 Raf8 17. Rad1 Kh8 18. Nxd6 Bxg2 19. Kxg2 Nf3 20. Nxf7+ Qxf7 21. Qf5 Ng5 22. Bxf6 gxf6 23. Rd7 Qxc4 24. h4 Qe4+ 25. Qxe4 Nxe4 26. Rxa7 b5 27. Rd1 f5 28. Rdd7 Nf6 29. Rf7 Rxf7 30. Rxf7 Ne4 31. Rxf5 c4 32. Rxb5 Kg7 33. Rb7+ Kg6 34. Rc7 Nd6 35. Rc6 Kh5 36. Rxd6 c3 37. bxc3 h6 38. Re6 Kg4 39. f3+ Kh5 40. g4+ Kxh4 41. Re5 h5 42. Rxh5# 1-0

[Event "Titled Tuesday 2024.07.23 Early"]
[Site "Chess.com INT"]
[Date "2024.07.23"]
[Round "6"]
[White "Nunez Hirales, Juan Alejandro"]
[Black "Keleberda, Tymur"]
[Result "1/2-1/2"]
[WhiteElo "1937"]
[BlackElo "2222"]
[WhiteFideId "-1"]
[BlackFideId "-1"]
[PlyCount "204"]
[GameId "2072788610260992"]
[EventDate "2024.07.23"]
[EventType "swiss (blitz)"]
[EventRounds "11"]
[EventCountry "NET"]
[SourceTitle "EXT 2025"]
[Source "ChessBase"]
[SourceDate "2024.10.14"]
[SourceVersion "1"]
[SourceVersionDate "2024.10.14"]
[SourceQuality "1"]

1. d4 Nf6 2. Nc3 d5 3. Bf4 a6 4. e3 b5 5. Nf3 Nbd7 6. Bd3 Bb7 7. a3 c5 8. dxc5 Nxc5 9. O-O e6 10. Re1 Rc8 11. Qe2 Qb6 12. Ne5 Bd6 13. Bg3 O-O 14. Kh1 Rc7 15. f4 Nfd7 16. Nxd7 Nxd7 17. Bf2 Qa5 18. f5 Rxc3 19. bxc3 Nf6 20. a4 bxa4 21. c4 dxc4 22. Bxc4 Qxf5 23. Bd3 Qh3 24. Bg1 Ne4 25. Bxe4 Bxe4 26. Rxa4 Qf5 27. Rf1 Qg6 28. Rxa6 Be5 29. Ra5 f6 30. Rxe5 fxe5 31. Rxf8+ Kxf8 32. c4 h5 33. h3 Qg3 34. Qf2+ Qxf2 35. Bxf2 Ke7 36. c5 Kd7 37. Be1 Kc6 38. Bb4 Kb5 39. Ba3 g6 40. Kg1 Ka4 41. Bb2 Kb4 42. Bxe5 Kxc5 43. Kf2 Kc4 44. Bd4 Kd3 45. g3 Bf5 46. h4 Ke4 47. Bc5 e5 48. Bb6 Bg4 49. Ba7 Kf5 50. Bb6 Bd1 51. Ba7 Kg4 52. Bb6 e4 53. Bd4 Bc2 54. Be5 Kf5 55. Bd4 Ke6 56. Bc5 Kd5 57. Ba7 Kc4 58. Bd4 Kd3 59. Ba7 Ba4 60. Bd4 Bd7 61. Ba7 Kc4 62. Bd4 Kb4 63. Ba7 Kb5 64. Bd4 Bg4 65. Ba7 Kc6 66. Bd4 Kb7 67. Be5 Kb6 68. Ke1 Ka6 69. Kd2 Bf3 70. Kc3 Kb5 71. Kd4 Kc6 72. Bf6 Kb5 73. Ke5 Kc4 74. Kf4 Kd3 75. Bd4 Bg4 76. Kg5 Bf5 77. Kf4 Kd2 78. Kg5 Ke1 79. Kf4 Kf1 80. Bc5 Kg2 81. Bb6 Kh3 82. Ba7 Kg2 83. Bd4 Kf2 84. Bc5 Ke2 85. Bd4 Kd3 86. Ba7 Kc4 87. Bd4 Kb4 88. Ba7 Kb5 89. Bd4 Kc6 90. Ba7 Kc7 91. Bd4 Kb7 92. Be5 Kc6 93. Bd4 Kd7 94. Be5 Ke6 95. Bd4 Kf7 96. Be5 Kg8 97. Bd4 Kf7 98. Be5 Ke6 99. Bd4 Kd5 100. Be5 Bg4 101. Bd4 Bf3 102. Kg5 Kc4 1/2-1/2

[Event "Titled Tuesday 2024.07.23 Early"]
[Site "Chess.com INT"]
[Date "2024.07.23"]
[Round "7"]
[White "Keleberda, Tymur"]
[Black "Zaksaite, Salomeja"]
[Result "0-1"]
[WhiteElo "2222"]
[BlackElo "2210"]
[WhiteFideId "-1"]
[BlackFideId "-1"]
[PlyCount "104"]
[GameId "2072788610924544"]
[EventDate "2024.07.23"]
[EventType "swiss (blitz)"]
[EventRounds "11"]
[EventCountry "NET"]
[SourceTitle "EXT 2025"]
[Source "ChessBase"]
[SourceDate "2024.10.14"]
[SourceVersion "1"]
[SourceVersionDate "2024.10.14"]
[SourceQuality "1"]

1. e4 c5 2. Nf3 Nc6 3. d4 cxd4 4. Nxd4 Nf6 5. Nc3 e5 6. Ndb5 d6 7. f3 a6 8. Na3 b5 9. Nd5 Nxd5 10. Qxd5 Qc7 11. c4 Be6 12. Qd2 b4 13. Nc2 Rb8 14. b3 g6 15. Bb2 h5 16. Rd1 Be7 17. Ne3 a5 18. Nd5 Bxd5 19. cxd5 Nd8 20. f4 f6 21. Be2 Nf7 22. g4 hxg4 23. Bxg4 Rh4 24. Qg2 Qc5 25. Qg3 Rh6 26. Be6 a4 27. h4 axb3 28. axb3 Ra8 29. Rh2 Ra2 30. Rf2 f5 31. exf5 Bxh4 32. Rc1 Bxg3 33. Rxc5 Bxf2+ 34. Kxf2 Rxb2+ 35. Kg3 dxc5 36. fxg6 Rxg6+ 37. Kf3 Rxe6 38. dxe6 Rxb3+ 39. Ke4 exf4 40. exf7+ Kxf7 41. Kxf4 Rc3 42. Ke4 b3 43. Ke5 b2 44. Kd5 b1=Q 45. Kc6 c4 46. Kd5 Rd3+ 47. Ke4 c3 48. Kf5 c2 49. Ke5 c1=Q 50. Ke4 Re3+ 51. Kd4 Qc3+ 52. Kd5 Qb7+ 0-1

[Event "Titled Tuesday 2024.07.23 Early"]
[Site "chess.com INT"]
[Date "2024.07.23"]
[Round "5"]
[White "Keleberda, Tymur"]
[Black "King Rodriguez, Os Misael"]
[Result "1-0"]
[WhiteElo "2222"]
[BlackElo "2005"]
[WhiteFideId "-1"]
[BlackFideId "-1"]
[PlyCount "67"]
[GameId "2130307541171785"]
[EventDate "2024.07.23"]
[EventType "swiss (blitz)"]
[EventRounds "11"]
[EventCountry "NET"]
[SourceTitle "The Week in Chess 1551"]
[Source "Mark Crowther"]
[SourceDate "2024.07.29"]
[SourceVersion "1"]
[SourceVersionDate "2024.07.29"]
[SourceQuality "2"]

1. b3 c5 2. Bb2 Nc6 3. c4 d6 4. Nf3 e5 5. Nc3 g6 6. Nd5 Nf6 7. Nxf6+ Qxf6 8. e3 Bg7 9. Be2 O-O 10. Rc1 a5 11. Ba1 Bg4 12. h3 Bxf3 13. Bxf3 Qe7 14. Bxc6 bxc6 15. O-O f5 16. d4 cxd4 17. exd4 e4 18. Re1 Qg5 19. Rc3 Rae8 20. Rg3 Qh6 21. d5 f4 22. Rg4 Bxa1 23. Qxa1 cxd5 24. Qd4 dxc4 25. Qxc4+ Kh8 26. Rxe4 Rxe4 27. Qxe4 f3 28. gxf3 Qxh3 29. Rf4 Rc8 30. Qd4+ Kg8 31. Qd5+ Kg7 32. Rf7+ Kh6 33. Qd2+ Kh5 34. Rxh7# 1-0

[Event "Titled Tuesday 2024.07.23 Late"]
[Site "Chess.com INT"]
[Date "2024.07.23"]
[Round "1"]
[White "Egorov, Konstantin"]
[Black "Keleberda, Tymur"]
[Result "0-1"]
[WhiteElo "2081"]
[BlackElo "2222"]
[WhiteFideId "-1"]
[BlackFideId "-1"]
[PlyCount "84"]
[GameId "2072788615360512"]
[EventDate "2024.07.23"]
[EventType "swiss (blitz)"]
[EventRounds "11"]
[EventCountry "NET"]
[SourceTitle "EXT 2025"]
[Source "ChessBase"]
[SourceDate "2024.10.14"]
[SourceVersion "1"]
[SourceVersionDate "2024.10.14"]
[SourceQuality "1"]

1. e4 c5 2. Nf3 d6 3. d4 cxd4 4. Nxd4 Nf6 5. Nc3 a6 6. a3 b5 7. Rg1 Bb7 8. Bd3 Nbd7 9. g4 Nc5 10. Qe2 h6 11. h4 Nfd7 12. Be3 Nxd3+ 13. cxd3 Rc8 14. f4 e5 15. Nf5 g6 16. g5 hxg5 17. hxg5 gxf5 18. exf5 Qa5 19. Bd2 Qb6 20. O-O-O Rh3 21. Kb1 Qd4 22. Qg4 Rxd3 23. Bc1 Rxd1 24. Rxd1 Qf2 25. g6 Bf3 26. gxf7+ Kd8 27. Qg5+ Be7 28. f8=Q+ Nxf8 29. Rxd6+ Ke8 30. f6 Bxd6 31. fxe5 Bxa3 32. e6 Nxe6 33. Qg8+ Nf8 34. f7+ Kd7 35. Qg7 Bd6 36. Qf6 b4 37. Qf5+ Ne6 38. Nd5 Qc2+ 39. Qxc2 Rxc2 40. Nf4 Rxc1+ 41. Kxc1 Bxf4+ 42. Kc2 Bd5 0-1

[Event "Titled Tuesday 2024.07.23 Late"]
[Site "Chess.com INT"]
[Date "2024.07.23"]
[Round "3"]
[White "Keleberda, Tymur"]
[Black "Holt, Conrad"]
[Result "0-1"]
[WhiteElo "2222"]
[BlackElo "2540"]
[WhiteFideId "-1"]
[BlackFideId "-1"]
[PlyCount "78"]
[GameId "2072788617388032"]
[EventDate "2024.07.23"]
[EventType "swiss (blitz)"]
[EventRounds "11"]
[EventCountry "NET"]
[SourceTitle "EXT 2025"]
[Source "ChessBase"]
[SourceDate "2024.10.14"]
[SourceVersion "1"]
[SourceVersionDate "2024.10.14"]
[SourceQuality "1"]

1. e4 e6 2. d3 d5 3. Nd2 c5 4. Ngf3 Nc6 5. g3 Bd6 6. Bg2 Nge7 7. O-O O-O 8. c3 Bd7 9. Re1 Qc7 10. Nf1 d4 11. N3d2 b5 12. f4 e5 13. f5 dxc3 14. bxc3 b4 15. c4 Nd4 16. Nf3 Nec6 17. Ne3 Qd8 18. Nd5 a5 19. h4 a4 20. Be3 Re8 21. h5 a3 22. Nh4 Ne7 23. Bxd4 Nxd5 24. exd5 exd4 25. Qg4 Qf6 26. Be4 Rab8 27. Rab1 Ba4 28. Re2 b3 29. axb3 Bxb3 30. Ng2 a2 31. Ra1 h6 32. Rb2 Rb4 33. Kh2 Bd1 34. Qxd1 Rxb2 35. Qa4 Reb8 36. Rxa2 Qg5 37. Rxb2 Qxg3+ 38. Kg1 Qh2+ 39. Kf1 Qh1+ 0-1